Countries containing Ultraprominent mountains - Statistics

General Stats
  • This quiz has been taken 71 times
    54 since last reset
  • The average score is 73 of 113
Answer Stats
Highest prominence (m) Continent Number of Ultras Answer % Correct
5,247 North America 143 Canada
100%
3,696 South America 76 Chile
100%
8,849 Asia 178 China
100%
4,741 Europe/Asia 65 Russia
100%
6,962 South America 57 Argentina
96%
4,922 North America 26 Mexico
96%
8,849 Asia 25 Nepal
96%
4,608 Asia 47 Pakistan
96%
6,141 North America 128 United States
96%
5,509 South America 22 Colombia
93%
2,995 Asia 4 Bhutan
89%
4,118 South America 15 Ecuador
89%
3,139 Asia 49 India
89%
3,755 Oceania 10 New Zealand
89%
2,776 South America 22 Peru
89%
5,885 Africa 11 Tanzania
89%
(2,745) 2,228 Oceania 2 (1) Australia (Heard Island)
85%
2,423 Europe 13 Austria
85%
2,886 South America 9 Brazil
85%
4,695 Europe/Africa (Oceania) 10(3) France (New Caledonia/French Polynesia)
85%
4,884 Asia 87 Indonesia
85%
4,667 Asia 54 Iran
85%
4,095 Asia 8 Malaysia
85%
2,855 Asia 16 Myanmar
85%
3,402 Asia 20 Tajikistan
85%
2,208 Asia 9 Vietnam
85%
2,834 Asia 15 Afghanistan
81%
1,767 Asia 2 Iraq
81%
4,695 Europe 22 Italy
81%
3,776 Asia 21 Japan
81%
3,343 Asia 6 Kazakhstan
81%
2,353 Asia 18 Mongolia
81%
3,734 Oceania 31 Papua New Guinea
81%
3,715 Europe 8 Spain
81%
2,280 Europe 8 Switzerland
81%
3,957 South America 14 Venezuela
81%
2,451 South America 15 Bolivia
78%
3,098 North America 3 Dominican Republic
78%
3,825 Africa 5 Kenya
78%
4,148 Asia 11 Kyrgyzstan
78%
3,611 Asia 23 Turkey
78%
(2,934) (South America) (3) United Kingdom (South Georgia/ Tristan de Cunha)
78%
3,755 North America 3 Costa Rica
74%
(3,694) (North America) (38) Denmark (Greenland)
74%
1,746 Europe 1 Germany
74%
3,990 North America 6 Guatemala
74%
2,372 Europe 6 Norway
74%
2,351 Europe 2 Portugal
74%
1,709 Asia 2 Saudi Arabia
74%
1,730 Africa 2 South Africa
74%
1,850 Asia 4 Thailand
74%
2,458 Africa 4 Uganda
74%
3,326 Asia 3 Yemen
74%
2,079 Asia 5 Laos
70%
3,755 Africa 5 Morocco
70%
2,956 Asia 30 Philippines
70%
1,740 Europe 2 Sweden
70%
2,143 Asia 2 Armenia
67%
3,931 Africa 2 Cameroon
67%
3,951 Africa 3 Democratic Republic of the Congo
67%
2,353 Europe/Asia 3 Georgia
67%
2,084 North America 8 Honduras
67%
2,392 Asia 2 Lebanon
67%
2,899 Asia 4 Oman
67%
1,770 North America 2 Panama
67%
1,950 Asia 2 South Korea
67%
2,169 Europe 6 Albania
63%
1,741 Asia 2 Cambodia
63%
1,974 North America 1 Cuba
63%
2,456 Europe 18 Greece
63%
1,665 North America 2 Nicaragua
63%
2,953 Asia 1 North Korea
63%
3,312 Africa 2 Rwanda
63%
1,639 Asia 1 Uzbekistan
63%
2,454 Asia/Europe 2 Azerbaijan
59%
2,473 Europe 4 Bulgaria
59%
3,997 Africa 18 Ethiopia
59%
2,644 North America 2 Haiti
59%
2,103 Europe 4 Romania
59%
1,804 Asia 1 Syria
59%
3,952 Asia 2 Taiwan
59%
1,748 Asia 2 Turkmenistan
59%
2,328 Africa 3 Algeria
56%
1,831 North America 4 El Salvador
56%
2,356 Europe 1 Slovakia
52%
2,404 Africa 2 Egypt
48%
2,110 Europe 1 Iceland
48%
2,256 North America 1 Jamaica
48%
2,524 Asia 1 Sri Lanka
48%
2,986 Asia 2 East Timor
44%
2,390 Africa 1 Lesotho
44%
2,052 Europe 2 Slovenia
44%
2,169 Europe 4 North Macedonia
41%
2,934 Africa 2 Chad
33%
2,876 Africa 3 Madagascar
33%
1,858 Oceania 1 Samoa
33%
2,120 Africa 2 South Sudan
33%
2,512 Africa 1 Sudan
33%
1,920 Africa 2 Eritrea
30%
1,757 Africa 1 Mozambique
30%
2,335 Oceania 2 Solomon Islands
30%
1,598 Africa 1 Somalia
30%
1,879 Oceania 1 Vanuatu
30%
1,515 Africa 1 Zimbabwe
30%
1,610 Africa 2 Angola
26%
3,011 Africa 2 Equatorial Guinea
22%
1,802 Africa 1 Namibia
22%
1,607 Africa 1 Djibouti
19%
2,319 Africa 1 Malawi
19%
2,024 Africa 1 Sao Tome and Principe
19%
2,829 Africa 2 Cape Verde
11%
1,665 Africa 1 Sierra Leone
11%
2,361 Africa 2 Comoros
7%
No matching quizzes found
Score Distribution
Percent of People with Each Score
Percentile by Number Answered
Your Score History
You have not taken this quiz since the last reset